000 00984cam a22002417 4500
001 7885
003 BD-RjUL
005 20211208234506.0
008 140116s1931 ii 001 0 eng d
035 _a(BD-RjUL)7929
040 _aDLC
_cDLC
_dBD-RjUL
_beng
041 _aeng
082 _a491.2
_bBAD 1931
100 0 _aBanerjee Muralydhar
_d1088-1172.
_924612
245 1 4 _aThe Deśīnāmamālā of Hemacandra :
_bEd. with the help of 2 mss. and Pischel's ed. of 1880 with an introd., index to the text and commentary and English translation of the text and extracts from the commentary of Hemachandra with a complete glossary of Deśī words from all sources with references, derivation and meanings /
_cby Muralydhar Banerjee.
260 _a[Calcutta]
_bUniv. of Calcutta,
_c1931.
300 _avii, 283p. ;
_c24 cm.
504 _aIncludes index
650 _aPrakrit languages -- Glossaries, vocabularie
_924613
942 _2ddc
_cBK
999 _c7885
_d7885